Danielson 2013 Rubric: Adapted to New York Department of Education Framework for Teaching Components (Record no. 125866)

MARC details
000 -LÍDER
campo de controle de tamanho fixo 00393 a2200145 4500
001 - NÚMERO DE CONTROLE
campo de controle 125866
040 ## - FONTE DA CATALOGAÇÃO
Instituição que transcreveu o registro Escola Canadense de Niteroi
090 ## - NÚMERO DE CHAMADA LOCAL
Número de chamada (OCLC) (R); Número de chamada, CALL (RLIN) (NR) DAN
100 ## - ENTRADA PRINCIPAL--NOME PESSOAL
Nome pessoal New York Department of Education
245 10 - TÍTULO
Título Danielson 2013 Rubric: Adapted to New York Department of Education Framework for Teaching Components
250 ## - EDIÇÃO
Edição 2013
260 ## - PUBLICAÇÃO, DISTRIBUIÇÃO, ETC.
Local de publicação, distribuição, etc. New York
362 0# - DATAS DE PUBLICAÇÃO E/OU DESIGNAÇÃO SEQUENCIAL
Datas de publicação e/ou designação sequencial 2013
942 ## - ELEMENTOS DE ENTRADA ADICIONADOS (KOHA)
Tipo de material Koha Referência
Holdings
Situação do descarte Situação das perdas Situação física Não pode ser emprestado Biblioteca de origem Biblioteca atual Data de aquisição Total de empréstimos Número de chamada completo Código de barras Data de último acesso Data do preço efetivo Tipo de material Koha
        Canadian School of Niterói - Piratininga Canadian School of Niterói - Piratininga 09/02/2024   DAN A26060 09/02/2024 09/02/2024 Referência
        Canadian School of Niterói - Piratininga Canadian School of Niterói - Piratininga 09/02/2024   DAN A26059 09/02/2024 09/02/2024 Referência
        Canadian School of Niterói - Piratininga Canadian School of Niterói - Piratininga 09/02/2024   DAN A26058 09/02/2024 09/02/2024 Referência
        Canadian School of Niterói - Piratininga Canadian School of Niterói - Piratininga 09/02/2024   DAN A26057 09/02/2024 09/02/2024 Referência